Ratanlal and Dhirajlal's the law of torts,; with exhaustive notes, comments, case-law reference also containing commentary on Bhopal gas leak disaster processing of claims) act 1985 and Bhopal Gas leak disaster (registration and processing of claims) scheme, 1985 (Record no. 105557)

MARC details
000 -LEADER
fixed length control field 00616nam a2200157Ia 4500
008 - FIXED-LENGTH DATA ELEMENTS--GENERAL INFORMATION
fixed length control field 230917s9999||||xx |||||||||||||| ||und||
040 ## - CATALOGING SOURCE
-- 96007
Original cataloging agency VIVEKANANDA LIBRARY
041 ## - Language
-- English
082 ## - DDC NUMBER
Classification number 346.03 R186R
100 ## - MAIN ENTRY--PERSONAL NAME
Personal name Ranchhodar, Ratanlal
245 #0 - TITLE STATEMENT
Title Ratanlal and Dhirajlal's the law of torts,; with exhaustive notes, comments, case-law reference also containing commentary on Bhopal gas leak disaster processing of claims) act 1985 and Bhopal Gas leak disaster (registration and processing of claims) scheme, 1985
250 ## - EDITION STATEMENT
Edition statement 23rd ed.
260 ## - PUBLICATION, DISTRIBUTION, ETC. (IMPRINT)
Place of publication, distribution, etc Agra
Name of publisher, distributor, etc Wadhwa
Date of publication, distribution, etc 1997
300 ## - PHYSICAL DESCRIPTION
Pages xcii, 822 p.
942 ## - ADDED ENTRY ELEMENTS (KOHA)
Koha item type Books
Holdings
Withdrawn status Lost status Damaged status Not for loan Location (home branch) Sublocation or collection (holding branch) Date acquired Koha issues (times borrowed) Koha full call number Accession No. Koha date last seen Koha item type
        VIVEKANANDA LIBRARY VIVEKANANDA LIBRARY 05/08/2003   346.03 R186R 190955 17/09/2023 Books
© Designed and Maintained by Vivekananda Library, MDU Rohtak